000 01279nam a2200325 i 4500
003 EG-GICUC
005 20260121101239.0
008 251118b1977 ua ||||f |||| 00| 0 ara d
040 _a EG-GICUC
_c EG-GICUC
_d EG-GICUC
_erda
_bara
041 _aara
082 0 4 _221
_a352.2
_bع ز . ت
092 0 4 _221
099 _aLaw1 09 352.2 ع ز . ت 1977
100 0 _aعزة صبحي عبد المنعم
_eمؤلف.
245 _aالتنظيم وتبسيط الإجراءات /
_cإعداد عزة صبحي عبد المنعم.
264 _aالقاهرة :
_bجامعة الدول العربية-المنظمة العربية للعلوم الإدارية، مركز البحوث الإدارية،
_c1977.
300 _a85 صفحة ؛
_c24 سم.
_bإيضاحيات، صور، مثيليات ؛
336 _2rda content
_atext
337 _2rda media
_aComputer
338 _2rda carrier
_aOnline Resource
490 _v215
504 _aببليوجرافيا : صفحة 81.
546 _aالنص باللغة العربية
650 1 _aالإدارة العامة
_2qrmak
650 1 _2qrmak
_aتنظيم وإدارة
651 1 _2qrmak
856 4 0 _uhttps://fll.law.cu.edu.eg/fulltext/bks/B09-00504.pdf
905 _aWesam Mahmoud
942 _2ddc
_n0
_cBK
_e21
999 _c44216
_d44216